00497nam a2200205Ia 450000500170000000800460001702000180006303700100008104000080009104000080009904000080010704100080011504100080012308400080013124500500013926000290018926000090021865000150022785600490024220260306150328.0008 260114s9999 xx 000 0 eng d a9781501725715 aEbook aCRL beng cCRL 2eng aeng qCRL 2aA Materialist Metaphysics of the Human Person bCornell University Press c2001 aPhilosophy uhttps://www.degruyter.com/isbn/9781501725715